[Event "Landesliga Sued 1415"]
[Site "Bayern"]
[Date "2015.02.01"]
[Round "6.7"]
[White "Lochte, Thomas"]
[Black "Eckerl, Uwe"]
[Result "0-1"]
[WhiteElo "2095"]
[BlackElo "2083"]
[PlyCount "52"]
[EventDate "2014.10.19"]
[EventType "team-tourn"]
[EventRounds "9"]
[EventCountry "GER"]
[SourceTitle "EXT 2018"]
[Source "ChessBase"]
[SourceDate "2017.10.13"]
[SourceVersion "1"]
[SourceVersionDate "2017.10.13"]
[SourceQuality "1"]
[WhiteTeam "Weilheim"]
[BlackTeam "Roehrnbach"]
[WhiteTeamCountry "GER"]
[BlackTeamCountry "GER"]

1. e4 g6 2. d4 Bg7 3. Nc3 d6 4. Be2 Nc6 5. Be3 e5 6. dxe5 Nxe5 7. f4 Nc6 8. Nf3 Nf6 9. 0-0 0-0 10. Nd4 Ng4 11. Bxg4 Bxd4 12. Bxd4 Bxg4 13. Qxg4 Nxd4 14. f5 Nxc2 15. f6 Re8 16. Qg5 Re5 17. Qh6 Qf8 18. Qxf8+ Kxf8 19. Rac1 Nd4 20. Rfd1 c5 21. Kf2 Rae8 22. Rd3 R8e6 23. Nd5 Rxe4 24. b4 b6 25. Ra3 Re2+ 26. Kf1 R2e5 0-1

[Event "Niederbayernliga 1011"]
[Site "Germany"]
[Date "2011.02.06"]
[Round "6.1"]
[White "Eckerl, Uwe"]
[Black "Zepke, Armin"]
[Result "1-0"]
[WhiteElo "2145"]
[BlackElo "1998"]
[PlyCount "60"]
[EventDate "2010.10.10"]
[EventType "team-tourn"]
[EventRounds "9"]
[EventCountry "GER"]
[SourceTitle "EXT 2012"]
[Source "ChessBase"]
[SourceDate "2011.11.24"]
[SourceVersion "1"]
[SourceVersionDate "2011.11.24"]
[SourceQuality "1"]
[WhiteTeam "Roehrnbach"]
[BlackTeam "Bayerwald"]
[WhiteTeamCountry "GER"]
[BlackTeamCountry "GER"]

1. e4 c6 2. d4 d5 3. e5 Bf5 4. Be3 e6 5. Nd2 c5 6. dxc5 d4 7. Bb5+ Nc6 8. Bf4 Bxc5 9. Ngf3 Nge7 10. 0-0 a6 11. Bd3 0-0 12. a3 Ng6 13. Bg3 Qd5 14. Bc4 Qd7 15. Nb3 Ba7 16. Qe2 b5 17. Bd3 Qd5 18. Rad1 Rad8 19. Rfe1 Bxd3 20. Rxd3 Qc4 21. h4 Nge7 22. h5 Rc8 23. h6 g6 24. Ng5 Nd5 25. Ne4 Nce7 26. Nd6 Qxc2 27. Nxc8 Rxc8 28. Qxc2 Rxc2 29. Nxd4 Bxd4 30. Rxd4 Nf5 1-0

[Event "Niederbayernliga 0708"]
[Site "Germany"]
[Date "2007.01.20"]
[Round "5.1"]
[White "Riemelmoser, Franz"]
[Black "Eckerl, Uwe"]
[Result "1-0"]
[WhiteElo "2250"]
[BlackElo "2151"]
[PlyCount "49"]
[EventDate "2007.10.21"]
[EventType "team-tourn"]
[EventRounds "9"]
[EventCountry "GER"]
[SourceTitle "EXT 2009"]
[Source "ChessBase"]
[SourceDate "2008.11.26"]
[SourceVersion "1"]
[SourceVersionDate "2008.11.26"]
[SourceQuality "1"]
[WhiteTeam "Simbach"]
[BlackTeam "Waldkirchen Freyung"]
[WhiteTeamCountry "GER"]
[BlackTeamCountry "GER"]

1. d4 Nf6 2. Bg5 c5 3. d5 Ne4 4. Bf4 Qb6 5. Qc1 e6 6. c4 Bd6 7. Bxd6 Nxd6 8. Nf3 0-0 9. e3 exd5 10. cxd5 Na6 11. Nc3 Nc7 12. Nd2 Qa5 13. Qc2 b5 14. Bd3 c4 15. Bxh7+ Kh8 16. 0-0 f5 17. Bg6 b4 18. Nxc4 Qa6 19. Ne5 bxc3 20. Qd1 Nf7 21. Nxf7+ Rxf7 22. Bxf7 cxb2 23. d6 Qxf1+ 24. Qxf1 bxa1Q 25. Qxa1 1-0

[Event "Niederbayernliga 0607"]
[Site "Germany"]
[Date "2007.??.??"]
[Round "7.1"]
[White "Goede, Andreas"]
[Black "Eckerl, Uwe"]
[Result "1-0"]
[WhiteElo "1874"]
[BlackElo "2178"]
[PlyCount "51"]
[EventDate "2006.??.??"]
[EventType "team-tourn"]
[EventRounds "9"]
[EventCountry "GER"]
[SourceTitle "EXT 2008"]
[Source "ChessBase"]
[SourceDate "2007.11.25"]
[SourceVersion "1"]
[SourceVersionDate "2007.11.25"]
[SourceQuality "1"]
[WhiteTeam "Vilshofen"]
[BlackTeam "Waldkirchen"]
[WhiteTeamCountry "GER"]
[BlackTeamCountry "GER"]

1. e4 e5 2. d4 exd4 3. Qxd4 Nc6 4. Qe3 Nf6 5. Bd2 Be7 6. Nc3 0-0 7. 0-0-0 Re8 8. Bc4 a6 9. f4 b5 10. Be2 Bf8 11. e5 b4 12. Qf3 bxc3 13. Bxc3 Be7 14. Nh3 Rb8 15. Bc4 h6 16. Rhf1 Nh7 17. Bxf7+ Kxf7 18. Qd5+ Kf8 19. Ng5 hxg5 20. fxg5+ Bf6 21. exf6 Re6 22. fxg7+ Kg8 23. g6 Rb5 24. gxh7+ Kxh7 25. Qd3+ Rg6 26. Rf6 1-0

[Event "Niederbayernliga 0607"]
[Site "Germany"]
[Date "2007.??.??"]
[Round "5.2"]
[White "Maierhofer, Johann"]
[Black "Eckerl, Uwe"]
[Result "1-0"]
[WhiteElo "2055"]
[BlackElo "2178"]
[PlyCount "83"]
[EventDate "2006.??.??"]
[EventType "team-tourn"]
[EventRounds "9"]
[EventCountry "GER"]
[SourceTitle "EXT 2008"]
[Source "ChessBase"]
[SourceDate "2007.11.25"]
[SourceVersion "1"]
[SourceVersionDate "2007.11.25"]
[SourceQuality "1"]
[WhiteTeam "Simbach"]
[BlackTeam "Waldkirchen"]
[WhiteTeamCountry "GER"]
[BlackTeamCountry "GER"]

1. e4 c5 2. c4 g6 3. Nc3 Bg7 4. g3 d6 5. Bg2 Nf6 6. Nge2 Nc6 7. d3 Bg4 8. f3 Bd7 9. Be3 Rb8 10. a3 a6 11. Rb1 b5 12. cxb5 axb5 13. b4 cxb4 14. axb4 h5 15. h3 e6 16. f4 0-0 17. 0-0 Re8 18. Qc2 Nh7 19. d4 Ne7 20. Ra1 Nc8 21. Qd3 Nb6 22. Ra7 Nc4 23. Bf2 Nf8 24. Rfa1 Qc8 25. Kh2 Rb7 26. e5 Rxa7 27. Rxa7 Bc6 28. d5 exd5 29. Nd4 Bd7 30. Ndxb5 dxe5 31. Bxd5 exf4 32. Bxc4 fxg3+ 33. Bxg3 h4 34. Bxf7+ Kxf7 35. Nd6+ Kg8 36. Nxc8 hxg3+ 37. Kxg3 Rxc8 38. Ne4 Be6 39. Nc5 Bf7 40. Qf3 Bc4 41. Rxg7+ Kxg7 42. Qb7+ 1-0

[Event "Landesliga Sued 0506"]
[Site "Bayern"]
[Date "2006.01.29"]
[Round "6.3"]
[White "Eckerl, Uwe"]
[Black "Fauth, Dietmar"]
[Result "0-1"]
[WhiteElo "2238"]
[BlackElo "2147"]
[PlyCount "58"]
[EventDate "2005.10.23"]
[EventType "team-tourn"]
[EventRounds "9"]
[EventCountry "GER"]
[SourceTitle "EXT 2007"]
[Source "ChessBase"]
[SourceDate "2006.11.23"]
[SourceVersion "1"]
[SourceVersionDate "2006.11.23"]
[SourceQuality "1"]
[WhiteTeam "Waldkirchen TSV"]
[BlackTeam "Muenchen Siemens"]
[WhiteTeamCountry "GER"]
[BlackTeamCountry "GER"]

1. e4 c5 2. Nf3 Nc6 3. d4 cxd4 4. Nxd4 Nf6 5. Nc3 d6 6. Bg5 e6 7. Qd2 a6 8. 0-0-0 Bd7 9. f4 b5 10. Bxf6 gxf6 11. f5 Qb6 12. Nxc6 Bxc6 13. fxe6 fxe6 14. Qf4 Be7 15. Be2 0-0-0 16. Bg4 Bd7 17. Qf3 Qc5 18. Ne2 Kb8 19. Nd4 Rc8 20. Rhe1 f5 21. exf5 e5 22. b4 Qc4 23. Kb1 Bf6 24. Qd3 exd4 25. Qxc4 Rxc4 26. Rd3 Rhc8 27. Re2 Rxb4+ 28. Rb3 Rxb3+ 29. axb3 Rc3 0-1

[Event "Landesliga Sued 0405"]
[Site "Bayern"]
[Date "2005.02.13"]
[Round "7.2"]
[White "Straub, Juergen"]
[Black "Eckerl, Uwe"]
[Result "1-0"]
[WhiteElo "2232"]
[BlackElo "2202"]
[PlyCount "39"]
[EventDate "2004.10.24"]
[EventType "team-tourn"]
[EventRounds "9"]
[EventCountry "GER"]
[SourceTitle "EXT 2007"]
[Source "ChessBase"]
[SourceDate "2006.11.23"]
[SourceVersion "1"]
[SourceVersionDate "2006.11.23"]
[SourceQuality "1"]
[WhiteTeam "Ingolstadt"]
[BlackTeam "Waldkirchen"]
[WhiteTeamCountry "GER"]
[BlackTeamCountry "GER"]

1. c4 Nf6 2. Nc3 g6 3. e4 d6 4. d4 Bg7 5. Be2 0-0 6. Bg5 c6 7. Nf3 a6 8. 0-0 Bg4 9. Qc2 Qa5 10. Bd2 Qc7 11. Be3 Nbd7 12. Rad1 b5 13. cxb5 cxb5 14. Rc1 Rfc8 15. Qb3 Bxf3 16. Bxf3 Rab8 17. Nd5 Qd8 18. Nb4 Rxc1 19. Rxc1 Rc8 20. Nc6 1-0

[Event "Landesliga Sued 0405"]
[Site "Bayern"]
[Date "2004.11.28"]
[Round "3.1"]
[White "Eckerl, Uwe"]
[Black "Hoy, Bernd"]
[Result "1-0"]
[WhiteElo "2202"]
[BlackElo "2232"]
[PlyCount "103"]
[EventDate "2004.10.24"]
[EventType "team-tourn"]
[EventRounds "9"]
[EventCountry "GER"]
[SourceTitle "EXT 2007"]
[Source "ChessBase"]
[SourceDate "2006.11.23"]
[SourceVersion "1"]
[SourceVersionDate "2006.11.23"]
[SourceQuality "1"]
[WhiteTeam "Waldkirchen"]
[BlackTeam "Klosterlechfeld"]
[WhiteTeamCountry "GER"]
[BlackTeamCountry "GER"]

1. e4 c5 2. Nf3 a6 3. d4 cxd4 4. Nxd4 e5 5. Nb3 Nf6 6. Bg5 Nc6 7. Bc4 b5 8. Bd5 Be7 9. Bxf6 Bxf6 10. 0-0 Qb6 11. a4 Bb7 12. axb5 axb5 13. Rxa8+ Bxa8 14. Qg4 h5 15. Qh3 g5 16. Nc3 g4 17. Qe3 Qxe3 18. fxe3 Bg5 19. Bxf7+ Kd8 20. Nd5 Ne7 21. Kf2 h4 22. Ke2 Rf8 23. Ra1 Bc6 24. Nxe7 Kxe7 25. Bg6 g3 26. hxg3 hxg3 27. Bf5 d5 28. Ra7+ Kd6 29. Ra6 Kc7 30. Nc5 Be7 31. Ne6+ Kb7 32. Nxf8 Kxa6 33. Ng6 Bf6 34. exd5 Bxd5 35. e4 Bc4+ 36. Kf3 Ba2 37. Kxg3 Bb1 38. Kg4 Bxc2 39. Bc8+ Ka5 40. Kf5 Bg7 41. g4 Kb4 42. Be6 Kc5 43. g5 Kd4 44. Bd5 Bd1 45. Ne7 Bh5 46. Ke6 Bh8 47. Nf5+ Kd3 48. Ke7 Bf3 49. Nd6 Ke3 50. Kf8 Kf4 51. Nf7 Bxe4 52. Bxe4 1-0

[Event "Landesliga Sued 0304"]
[Site "Bayern"]
[Date "2004.01.18"]
[Round "5.3"]
[White "Eckerl, Uwe"]
[Black "Schneider, Stefan"]
[Result "1-0"]
[WhiteElo "2182"]
[BlackElo "2302"]
[PlyCount "70"]
[EventDate "2003.10.12"]
[EventType "team-tourn"]
[EventRounds "9"]
[EventCountry "GER"]
[SourceTitle "EXT 2006"]
[Source "ChessBase"]
[SourceDate "2005.11.24"]
[SourceVersion "1"]
[SourceVersionDate "2005.11.24"]
[SourceQuality "1"]
[WhiteTeam "Waldkirch"]
[BlackTeam "Bayern Muenchen II"]
[WhiteTeamCountry "GER"]
[BlackTeamCountry "GER"]

1. e4 Nf6 2. e5 Nd5 3. d4 d6 4. Nf3 dxe5 5. Nxe5 c6 6. Nd2 Nd7 7. Ndf3 Nxe5 8. Nxe5 Bf5 9. g4 Be6 10. Bg2 Nb6 11. c3 Bd5 12. f3 Nd7 13. Bf4 e6 14. Qe2 Nxe5 15. Bxe5 b5 16. 0-0 h5 17. gxh5 Bc4 18. Qe4 Qd7 19. Rfd1 Bd5 20. Qe2 Bc4 21. Qc2 b4 22. b3 Ba6 23. cxb4 f6 24. Bg3 Rxh5 25. f4 Rc8 26. Bf3 Rf5 27. Be4 Bxb4 28. a3 Ba5 29. Rac1 Bb7 30. Bxf5 exf5 31. Bf2 Kf7 32. Qc4+ Kg6 33. b4 Bc7 34. Rc3 Bxf4 35. Rh3 Bh6 1-0

[Event "Landesliga Sued 0304"]
[Site "Bayern"]
[Date "2003.12.14"]
[Round "4.3"]
[White "Joerg, Harald"]
[Black "Eckerl, Uwe"]
[Result "0-1"]
[WhiteElo "2213"]
[BlackElo "2182"]
[PlyCount "88"]
[EventDate "2003.10.12"]
[EventType "team-tourn"]
[EventRounds "9"]
[EventCountry "GER"]
[SourceTitle "EXT 2006"]
[Source "ChessBase"]
[SourceDate "2005.11.24"]
[SourceVersion "1"]
[SourceVersionDate "2005.11.24"]
[SourceQuality "1"]
[WhiteTeam "Muenchen Siemens"]
[BlackTeam "Waldkirch"]
[WhiteTeamCountry "GER"]
[BlackTeamCountry "GER"]

1. e4 d6 2. f4 d5 3. Nc3 dxe4 4. Nxe4 Nf6 5. Nxf6+ gxf6 6. Nf3 Nc6 7. d4 Qd5 8. Be3 Bg4 9. c4 Qa5+ 10. Qd2 Qxd2+ 11. Nxd2 Nb4 12. Kf2 Nc2 13. Rc1 Nxe3 14. Kxe3 e5 15. d5 Bc5+ 16. Ke4 f5+ 17. Kd3 e4+ 18. Kc3 Be3 19. h3 Bh5 20. g4 fxg4 21. hxg4 Bxg4 22. Re1 Bxd2+ 23. Kxd2 f5 24. Rh6 0-0-0 25. Be2 Rhg8 26. Ke3 Rd7 27. Bf1 Rg6 28. Rh2 h5 29. Rc1 c6 30. dxc6 Rxc6 31. c5 Rd1 32. Rxd1 Bxd1 33. b4 Rc7 34. Bc4 Bg4 35. Bd5 Rh7 36. Rh4 Kc7 37. Kd4 Re7 38. Ke3 Bf3 39. Bc4 Rd7 40. Rh2 Bg4 41. Bb5 Rd1 42. Bc4 Kc6 43. Rh4 a5 44. bxa5 Kxc5 0-1

[Event "Landesliga Sued 0203"]
[Site "Bayern"]
[Date "2003.02.09"]
[Round "6.5"]
[White "Eckerl, Uwe"]
[Black "Fauth, Dietmar"]
[Result "1-0"]
[WhiteElo "2159"]
[BlackElo "2124"]
[PlyCount "51"]
[EventDate "2002.10.20"]
[EventType "team-tourn"]
[EventRounds "9"]
[EventCountry "GER"]
[SourceTitle "EXT 2004"]
[Source "ChessBase"]
[SourceDate "2003.11.25"]
[SourceVersion "1"]
[SourceVersionDate "2003.11.25"]
[SourceQuality "1"]
[WhiteTeam "Waldkirch"]
[BlackTeam "Muenchen Siemens"]
[WhiteTeamCountry "GER"]
[BlackTeamCountry "GER"]

1. e4 c5 2. Nf3 d6 3. d4 cxd4 4. Nxd4 Nf6 5. Nc3 Nc6 6. Be2 e5 7. Nb3 Be7 8. 0-0 0-0 9. f4 exf4 10. Bxf4 Be6 11. Bf3 Ne5 12. Nd4 Rc8 13. Nd5 Nxf3+ 14. Qxf3 Bxd5 15. exd5 Qb6 16. Be3 Qxb2 17. Nf5 Rfe8 18. Bd4 Qxc2 19. Qg3 g6 20. Qg5 Bd8 21. Nh6+ Kf8 22. Bxf6 Re5 23. Bxd8 Rxg5 24. Rxf7+ Ke8 25. Bxg5 Qe4 26. Raf1 1-0

[Event "Landesliga Sued 0203"]
[Site "Bayern"]
[Date "2003.01.26"]
[Round "5.5"]
[White "Eckerl, Uwe"]
[Black "Altmann, Christoph"]
[Result "1-0"]
[WhiteElo "2159"]
[BlackElo "2052"]
[PlyCount "67"]
[EventDate "2002.10.20"]
[EventType "team-tourn"]
[EventRounds "9"]
[EventCountry "GER"]
[SourceTitle "EXT 2004"]
[Source "ChessBase"]
[SourceDate "2003.11.25"]
[SourceVersion "1"]
[SourceVersionDate "2003.11.25"]
[SourceQuality "1"]
[WhiteTeam "Waldkirch"]
[BlackTeam "Muenchen Sendling"]
[WhiteTeamCountry "GER"]
[BlackTeamCountry "GER"]

1. e4 e6 2. d4 d5 3. e5 c5 4. Nf3 cxd4 5. Bd3 Ne7 6. h4 Nd7 7. 0-0 Nc6 8. Re1 Bb4 9. Bd2 Qb6 10. b3 Nc5 11. Bxb4 Nxd3 12. Qxd3 Nxb4 13. Qd2 Nc6 14. a4 a6 15. Na3 Bd7 16. h5 h6 17. Rad1 Qc5 18. Nb1 b5 19. axb5 axb5 20. Nxd4 Nxd4 21. Qxd4 Qxc2 22. Rc1 Qxb3 23. Rc7 Rc8 24. Nd2 Qa4 25. Rxc8+ Bxc8 26. Qc5 Bd7 27. Qd6 Qa8 28. Nb3 Qd8 29. Ra1 Bc8 30. Qc5 f5 31. Ra7 Bd7 32. Nd4 Rf8 33. Nc6 Qg5 34. Ra8+ 1-0

[Event "Landesliga Sued 0102"]
[Site "Bayern"]
[Date "2002.02.03"]
[Round "5.3"]
[White "Eichler, Christoph"]
[Black "Eckerl, Uwe"]
[Result "1-0"]
[WhiteElo "2195"]
[BlackElo "2160"]
[PlyCount "105"]
[EventDate "2001.10.07"]
[EventType "team-tourn"]
[EventRounds "9"]
[EventCountry "GER"]
[SourceTitle "EXT 2003"]
[Source "ChessBase"]
[SourceDate "2002.11.25"]
[SourceVersion "1"]
[SourceVersionDate "2002.11.25"]
[SourceQuality "1"]
[WhiteTeam "Muenchen 36"]
[BlackTeam "Waldkirch"]
[WhiteTeamCountry "GER"]
[BlackTeamCountry "GER"]

1. e4 c5 2. Nf3 e6 3. c3 d5 4. e5 Ne7 5. d4 Nec6 6. Be2 Nd7 7. 0-0 Be7 8. Re1 a6 9. Nbd2 b5 10. Nf1 Rb8 11. Ng3 h5 12. h4 cxd4 13. Ng5 Ndxe5 14. cxd4 Ng4 15. Bf4 Rb6 16. Rc1 g6 17. Bd3 0-0 18. Bb1 Bd6 19. Bxd6 Qxd6 20. Qd2 Qb4 21. Qxb4 Nxb4 22. Rc7 Rc6 23. Rc1 Rxc1+ 24. Rxc1 Bd7 25. Rc7 Rc8 26. Rxc8+ Bxc8 27. Kf1 Nc6 28. Nf3 Kf8 29. a3 Ke7 30. Ke2 Kd6 31. Nf1 e5 32. dxe5+ Ngxe5 33. Ng5 Be6 34. Nxe6 Kxe6 35. Ne3 d4 36. Ba2+ Kd6 37. f4 dxe3 38. fxe5+ Nxe5 39. Kxe3 f6 40. Ke4 a5 41. b4 a4 42. g3 g5 43. Kf5 gxh4 44. gxh4 Nc4 45. Kg6 Ke5 46. Kxh5 f5 47. Kg5 f4 48. h5 Nd6 49. h6 Ne4+ 50. Kg4 Kf6 51. Bb1 Nd2 52. Bd3 f3 53. Kg3 1-0